Maillot du Bayern Munich par saison - Statistiques

Statistiques générales
  • Ce quiz a été pris 31 fois
  • Le résultat moyen est 11 sur 17
Statistiques - réponses
Par images Réponse % Correct
2014/2015
92%
2023/2024
92%
2021/2022
88%
2024/2025
88%
2012/2013
85%
2018/2019
77%
2020/2021
77%
2022/2023
69%
2025/2026
69%
2011/2012
62%
2019/2020
58%
2009/2010
54%
2017/2018
54%
2016/2017
42%
2010/2011
35%
2015/2016
35%
2013/2014
31%
Aucun quiz correspondant
Distribution des résultats
% des personnes avec chaque résultat
Percentile par nombre de réponses
Votre historique - résultats
Vous n’avez pas pris ce quiz